| 000 | 00000nam##2200000za#4500 |
| 001 | 9.693279 |
| 003 | CaOODSP |
| 005 | 20210624233608 |
| 007 | cr ||||||||||| |
| 008 | 150407|2009||||xxc|||||o f|0| 0 eng|d |
| 040 | |aCaOODSP|beng |
| 043 | |an-cn--- |
| 086 | 1 |aYN5-27/2008E-PDF |
| 110 | 1 |aCanada. |bOffice of the Parliamentary Budget Officer. |
| 245 | 14|aThe government of Canada's economic and fiscal forecasting process : |h[electronic resource]|bbriefing note / |cprepared by: Chris Matier, Bradley Recker and Stephen Tapp. |
| 260 | |aOttawa - Ontario : |bOffice of the Parliamentary Budget Officer |cNovember 17, 2008. |
| 300 | |a7p.|btables |
| 590 | |a14-17-Supp|b2014-10-09 |
| 690 | 07|aBudget planning|2gcpds |
| 775 | 08|tProcessus en matière de prévisions économiques et budgétaires du gouvernement du Canada : |w(CaOODSP)9.643940 |
| 856 | 40|ahttp://publications.gc.ca|qPDF|s588 KB|uhttps://publications.gc.ca/collections/collection_2014/dpb-pbo/YN5-27-2008-eng.pdf |